[Event "España ch Sub-16 2008"]
[Site "Padron ESP"]
[Date "2008.07.22"]
[Round "4.3"]
[White "Espinosa Aranda, Angel"]
[Black "Antolin Concha, Diego"]
[Result "0-1"]
[PlyCount "116"]
[EventDate "2008.07.20"]
[EventType "swiss"]
[EventRounds "9"]
[EventCountry "ESP"]
[Source "lmi"]
[SourceDate "2008.07.20"]
[WhiteElo "2313"]
[BlackElo "2115"]

1. e4 c5 2. Nf3 d6 3. d4 Nf6 4. Nc3 cxd4 5. Nxd4 a6 6. f4 e5 7. Nf3 Nc6 8. a4
Be7 9. Bd3 Qc7 10. O-O O-O 11. Kh1 exf4 12. Bxf4 Ne5 13. Nd4 Be6 14. Nce2 Nfd7
15. Ng3 g6 16. Bh6 Rfe8 17. Qe2 Bf6 18. Be3 Rac8 19. Rac1 Bg7 20. b3 Qd8 21.
Qd2 Ng4 22. Bg5 Qb6 23. Nxe6 fxe6 24. h3 Nge5 25. Be2 Rc6 26. Be3 Qc7 27. c4
Nc5 28. Qc2 a5 29. Rcd1 Rb6 30. Bf3 Nc6 31. Ne2 Nb4 32. Qd2 Be5 33. Bg4 Nba6
34. Bd4 Rxb3 35. Bxe5 dxe5 36. Nc3 Qc6 37. Qf2 Qc7 38. Nb5 Qg7 39. Qe2 h5 40.
Nd6 Re7 41. Bf3 Nb4 42. Nc8 Re8 43. Nd6 Rf8 44. Qd2 Rd3 45. Qg5 Rxd1 46. Rxd1
Nbd3 47. Qe3 Rd8 48. Rxd3 Nxd3 49. Qxd3 Qc7 50. Nb5 Rxd3 51. Nxc7 Ra3 52. Nxe6
Rxa4 53. Nc5 Rxc4 54. Nxb7 Rc1+ 55. Kh2 a4 56. Na5 a3 57. Nb3 Rb1 58. Nd2 a2
0-1

[Event "España ch Sub-16 2008"]
[Site "Padron ESP"]
[Date "2008.07.22"]
[Round "4.4"]
[White "Chueca Forcen, Alberto"]
[Black "Millan Soto, Miguel"]
[Result "1-0"]
[PlyCount "67"]
[EventDate "2008.07.20"]
[EventType "swiss"]
[EventRounds "9"]
[EventCountry "ESP"]
[Source "lmi"]
[SourceDate "2008.07.20"]
[WhiteElo "2254"]
[BlackElo "1926"]

1. d4 Nf6 2. c4 g6 3. Nc3 Bg7 4. e4 d6 5. f4 O-O 6. Nf3 c5 7. d5 e6 8. dxe6
fxe6 9. Bd3 Nc6 10. O-O Nd4 11. Ng5 e5 12. f5 gxf5 13. exf5 b5 14. b3 b4 15.
Nce4 Bxf5 16. Nxf6+ Rxf6 17. Bxf5 Nxf5 18. Qd5+ Kh8 19. Nf7+ Rxf7 20. Qxf7 Nd4
21. Qh5 e4 22. Bg5 Qe8 23. Qxe8+ Rxe8 24. Rae1 Nc2 25. Re2 Nd4 26. Ree1 Nc2 27.
Rc1 Nd4 28. Kf2 Nf5 29. Ke2 Nd4+ 30. Ke3 h6 31. Bf6 Bxf6 32. Rxf6 Kg7 33. Rf4
Kg6 34. Rxe4 1-0

[Event "España ch Sub-16 2008"]
[Site "Padron ESP"]
[Date "2008.07.22"]
[Round "4.5"]
[White "Fernandez Garcia, Jose Miguel"]
[Black "Adan Bermudez, Sergio"]
[Result "1/2-1/2"]
[PlyCount "130"]
[EventDate "2008.07.20"]
[EventType "swiss"]
[EventRounds "9"]
[EventCountry "ESP"]
[Source "lmi"]
[SourceDate "2008.07.20"]
[WhiteElo "2135"]
[BlackElo "2205"]

1. e4 c5 2. Nf3 b6 3. d4 cxd4 4. Nxd4 Bb7 5. Bd3 g6 6. f4 Bg7 7. Nf3 d6 8. Nc3
Nd7 9. Qe2 Ngf6 10. Bd2 Nc5 11. Bb5+ Nfd7 12. b4 Ne6 13. Qe3 Rc8 14. O-O O-O
15. Rae1 Nxf4 16. Qxf4 Bxc3 17. Bxc3 Rxc3 18. Qd2 Rc7 19. Qh6 f6 20. Nd4 Rf7
21. Ne6 Qc8 22. Nxc7 Qxc7 23. Ba4 Ba6 24. Bxd7 Qxd7 25. Rf3 Qa4 26. a3 Qxc2 27.
Qc1 Qxc1 28. Rxc1 Bb7 29. Re3 e6 30. Rd1 d5 31. exd5 Bxd5 32. Rc3 Rd7 33. Rc8+
Kf7 34. Rh8 Kg7 35. Rc8 Kf7 36. Rdc1 Bb7 37. R8c7 Ke7 38. Kf2 h5 39. g3 Kd8 40.
Rxd7+ Kxd7 41. Ke3 Kd6 42. h4 a6 43. Rd1+ Ke5 44. Rd7 Bd5 45. Ra7 Bc4 46. Rb7
b5 47. Rb6 g5 48. hxg5 fxg5 49. Rxa6 h4 50. gxh4 gxh4 51. Ra8 h3 52. Rh8 Bf1
53. Kf2 Bg2 54. Rh5+ Kd4 55. Rxb5 e5 56. Rb8 e4 57. Rd8+ Kc4 58. Rc8+ Kb3 59.
Ke3 Bf1 60. Kxe4 Kxa3 61. Kd4 Kxb4 62. Rb8+ Ka4 63. Rb1 Bg2 64. Kc4 Ka5 65.
Rb5+ Ka6 1/2-1/2

[Event "España ch Sub-16 2008"]
[Site "Padron ESP"]
[Date "2008.07.22"]
[Round "4.6"]
[White "Gil Quilez, David"]
[Black "Baragano Campa, David"]
[Result "1/2-1/2"]
[PlyCount "101"]
[EventDate "2008.07.20"]
[EventType "swiss"]
[EventRounds "9"]
[EventCountry "ESP"]
[Source "lmi"]
[SourceDate "2008.07.20"]
[WhiteElo "2031"]
[BlackElo "2177"]

1. d4 Nf6 2. Nf3 b5 3. Bf4 Bb7 4. e3 a6 5. Nbd2 e6 6. Bd3 c5 7. c3 Be7 8. O-O
O-O 9. Bg3 d5 10. Ne5 Ne4 11. f3 Nxg3 12. hxg3 f6 13. Ng4 Nd7 14. f4 f5 15. Ne5
Nxe5 16. fxe5 Bg5 17. Qe2 Bh6 18. Nf3 Qe7 19. Rae1 Rab8 20. a3 c4 21. Bc2 a5
22. Nh2 b4 23. axb4 axb4 24. g4 Bc8 25. gxf5 exf5 26. Qh5 bxc3 27. bxc3 Qf7 28.
Qxf7+ Rxf7 29. Re2 Rb2 30. Kf2 Ra7 31. Rb1 Rxb1 32. Bxb1 Ra3 33. Rb2 Kf7 34.
Rb8 Bd7 35. Rb7 Ke8 36. g4 fxg4 37. Bxh7 Rxc3 38. Rb8+ Ke7 39. Nf1 g3+ 40. Kxg3
Bxe3 41. Nxe3 Rxe3+ 42. Kf2 Rb3 43. Rg8 Rb2+ 44. Kf3 c3 45. Rxg7+ Kd8 46. Rg1
c2 47. Rc1 Ba4 48. Ke2 Rb4 49. Bxc2 Bxc2 50. Rxc2 Rxd4 51. Rc3 1/2-1/2

[Event "España ch Sub-16 2008"]
[Site "Padron ESP"]
[Date "2008.07.22"]
[Round "4.7"]
[White "Beltran De Heredia E., Miguel"]
[Black "Coll Ortega, Jordi"]
[Result "1/2-1/2"]
[PlyCount "82"]
[EventDate "2008.07.20"]
[EventType "swiss"]
[EventRounds "9"]
[EventCountry "ESP"]
[Source "lmi"]
[SourceDate "2008.07.20"]
[WhiteElo "1993"]
[BlackElo "2206"]

1. e4 c5 2. Nf3 e6 3. d4 cxd4 4. Nxd4 Nc6 5. Nc3 Qc7 6. g3 a6 7. Bg2 d6 8. O-O
Bd7 9. Re1 Be7 10. Nxc6 bxc6 11. Na4 Rb8 12. c4 c5 13. Nc3 Bf6 14. Qd3 Ne7 15.
b3 O-O 16. Bb2 Nc6 17. Rab1 Bd4 18. Ne2 e5 19. Bxd4 cxd4 20. a3 a5 21. f4 Rfc8
22. f5 f6 23. Rec1 Qa7 24. g4 Be8 25. Ng3 Rb7 26. Bf3 Qc5 27. Ra1 Rcb8 28. Bd1
Rc8 29. Kg2 Nb8 30. Nf1 Na6 31. Nd2 Qc6 32. h4 Nc5 33. Qf3 Rb6 34. Bc2 Qb7 35.
g5 Bc6 36. Re1 d3 37. Bd1 Kh8 38. Kh2 Qe7 39. Qe3 Rcb8 40. Rg1 Rg8 41. Rb1 Qb7
1/2-1/2

[Event "España ch Sub-16 2008"]
[Site "Padron ESP"]
[Date "2008.07.22"]
[Round "4.8"]
[White "Pardo Simon, David"]
[Black "Ladron De Guevara Pinto, Paolo"]
[Result "1-0"]
[PlyCount "61"]
[EventDate "2008.07.20"]
[EventType "swiss"]
[EventRounds "9"]
[EventCountry "ESP"]
[Source "lmi"]
[SourceDate "2008.07.20"]
[WhiteElo "2204"]
[BlackElo "1915"]

1. e4 e6 2. d4 d5 3. Nd2 Nf6 4. e5 Nfd7 5. c3 c5 6. Bd3 Nc6 7. Ngf3 cxd4 8.
cxd4 f5 9. exf6 Nxf6 10. O-O Bd6 11. Re1 O-O 12. Nf1 Qb6 13. b3 Bd7 14. Bg5 Kh8
15. Bb1 Rae8 16. Qc2 Ne4 17. Rxe4 dxe4 18. Qxe4 g6 19. Qh4 Kg8 20. Bf6 Rxf6 21.
Qxf6 Rf8 22. Qh4 Rf4 23. Qh3 Rxf3 24. Qxf3 Qxd4 25. Bxg6 Ne5 26. Qd1 Qf4 27.
Bh5 Bc6 28. Ne3 Nf3+ 29. Bxf3 Qxh2+ 30. Kf1 Bb5+ 31. Nc4 1-0

[Event "España ch Sub-16 2008"]
[Site "Padron ESP"]
[Date "2008.07.22"]
[Round "4.9"]
[White "Pintor Munoz, Antonio"]
[Black "Herrera Reyes, Jose Antonio"]
[Result "1-0"]
[PlyCount "71"]
[EventDate "2008.07.20"]
[EventType "swiss"]
[EventRounds "9"]
[EventCountry "ESP"]
[Source "lmi"]
[SourceDate "2008.07.20"]
[WhiteElo "2076"]
[BlackElo "2145"]

1. d4 d5 2. c4 c6 3. Nc3 e6 4. e4 Bb4 5. e5 Ne7 6. Nf3 h6 7. Bd3 dxc4 8. Bxc4
b5 9. Bd3 Nd7 10. O-O Nd5 11. Nxd5 exd5 12. a3 Be7 13. e6 fxe6 14. Bg6+ Kf8 15.
Ne5 Nxe5 16. dxe5 Kg8 17. b4 Bd7 18. Be3 Be8 19. Qg4 Qd7 20. Rac1 Bxg6 21. Qxg6
a5 22. f4 Rf8 23. f5 exf5 24. e6 Qe8 25. Qxe8 Rxe8 26. bxa5 Bd6 27. Rxc6 Bxa3
28. Rxf5 Kh7 29. Rxd5 b4 30. Bc5 Ra8 31. a6 Rhb8 32. e7 Re8 33. Rf5 g6 34. Rf7+
Kg8 35. Rf8+ Kh7 36. Rcf6 1-0

[Event "España ch Sub-16 2008"]
[Site "Padron ESP"]
[Date "2008.07.22"]
[Round "4.10"]
[White "Garcia Molina, Francisco Miguel"]
[Black "Donoso Sanchez, Alejandro"]
[Result "1-0"]
[PlyCount "67"]
[EventDate "2008.07.20"]
[EventType "swiss"]
[EventRounds "9"]
[EventCountry "ESP"]
[Source "lmi"]
[SourceDate "2008.07.20"]
[WhiteElo "2144"]
[BlackElo "2023"]

1. e4 c5 2. Nf3 e6 3. c3 d5 4. exd5 Qxd5 5. d4 Nf6 6. a3 Be7 7. Be3 O-O 8. dxc5
Qxd1+ 9. Kxd1 Ng4 10. b4 Nxe3+ 11. fxe3 a5 12. Kc2 Bf6 13. Ra2 Nc6 14. Kb3 e5
15. Bc4 Bf5 16. Nbd2 e4 17. Nd4 Bxd4 18. exd4 Rfd8 19. Nf1 a4+ 20. Kb2 g5 21.
Ne3 Bg6 22. Rf1 Kg7 23. Kc1 Ne7 24. g4 h5 25. Raf2 Rf8 26. h3 f6 27. d5 Rad8
28. b5 h4 29. d6 Nc8 30. Be6 Nxd6 31. cxd6 Rxd6 32. Bd5 Rc8 33. Kb2 Rc5 34. c4
1-0

[Event "España ch Sub-16 2008"]
[Site "Padron ESP"]
[Date "2008.07.22"]
[Round "4.11"]
[White "Garcia Gil, Bernardino"]
[Black "Pruja Ramirez De Cartagena, Marc"]
[Result "1-0"]
[PlyCount "79"]
[EventDate "2008.07.20"]
[EventType "swiss"]
[EventRounds "9"]
[EventCountry "ESP"]
[Source "lmi"]
[SourceDate "2008.07.20"]
[WhiteElo "2044"]
[BlackElo "2136"]

1. e4 c5 2. Nc3 d6 3. f4 Nc6 4. Nf3 g6 5. Bb5 Bg7 6. Bxc6+ bxc6 7. O-O Qb6 8.
Kh1 e6 9. f5 exf5 10. exf5 Bxf5 11. Re1+ Ne7 12. d3 Qc7 13. Qe2 h6 14. Bf4 Bf6
15. Qe3 O-O 16. Bxh6 Rfe8 17. Bg5 Bxg5 18. Nxg5 Kg7 19. Re2 Qb6 20. b3 Qb4 21.
Na4 Bg4 22. c3 Qb5 23. Rf2 Bf5 24. c4 Qb4 25. g4 f6 26. Ne6+ Bxe6 27. Qxe6 Nf5
28. Qd7+ Re7 29. Qxc6 Re1+ 30. Rf1 Re2 31. Qxa8 Qd2 32. gxf5 Rxh2+ 33. Kg1 g5
34. Rae1 Re2 35. Qb7+ Kh6 36. Rxe2 Qxe2 37. Qf3 Qe5 38. Rf2 Qe1+ 39. Kg2 a5 40.
Re2 1-0

[Event "España ch Sub-16 2008"]
[Site "Padron ESP"]
[Date "2008.07.22"]
[Round "4.12"]
[White "Navarro Molina, David"]
[Black "Bardera Gil, Sergi"]
[Result "0-1"]
[PlyCount "64"]
[EventDate "2008.07.20"]
[EventType "swiss"]
[EventRounds "9"]
[EventCountry "ESP"]
[Source "lmi"]
[SourceDate "2008.07.20"]
[WhiteElo "1723"]
[BlackElo "2101"]

1. d4 d5 2. Nf3 Nf6 3. c4 c6 4. Nc3 e6 5. e3 Nbd7 6. Qc2 Bd6 7. Be2 Qe7 8. e4
dxe4 9. Nxe4 Nxe4 10. Qxe4 e5 11. O-O Nf6 12. Qh4 e4 13. Nd2 g5 14. Qxg5 Bxh2+
15. Kxh2 Ng4+ 16. Qxg4 Bxg4 17. Bxg4 O-O 18. Bf5 Rfe8 19. Re1 Qf6 20. Bxe4 Qd6+
21. Kg1 f5 22. c5 Qf6 23. Re3 fxe4 24. Rg3+ Kh8 25. b3 Re7 26. Bb2 h6 27. Rb1
Kh7 28. d5 Qf4 29. d6 Rf7 30. Nc4 Qxf2+ 31. Kh2 Rg8 32. Rxg8 Kxg8 0-1

[Event "España ch Sub-16 2008"]
[Site "Padron ESP"]
[Date "2008.07.22"]
[Round "4.13"]
[White "Eguia Cambero, Ignacio"]
[Black "Sanchez Gonzalez, Sergio"]
[Result "0-1"]
[PlyCount "84"]
[EventDate "2008.07.20"]
[EventType "swiss"]
[EventRounds "9"]
[EventCountry "ESP"]
[Source "lmi"]
[SourceDate "2008.07.20"]
[WhiteElo "1915"]
[BlackElo "2228"]

1. e4 c5 2. Nf3 d6 3. d4 Nf6 4. Nc3 cxd4 5. Nxd4 e6 6. g4 h6 7. g5 hxg5 8. Bxg5
Nc6 9. Qd2 Qb6 10. Nb3 Ne5 11. Be3 Nf3+ 12. Ke2 Nxd2 13. Bxb6 Nxf1 14. Nb5 Kd7
15. Nc7 Rb8 16. Bxa7 Kxc7 17. Bxb8+ Kxb8 18. Raxf1 Nxe4 19. f3 Nf6 20. Rd1 b6
21. Rd2 Bb7 22. Nd4 Ng4 23. h3 Ne5 24. b3 Be7 25. Rdd1 Rh4 26. c3 Rf4 27. Rhg1
g6 28. Ke3 Rh4 29. Rg3 g5 30. Rdg1 Ng6 31. Ne2 Kc8 32. Kf2 Kd7 33. R1g2 f5 34.
Rg1 e5 35. Rh1 Ke6 36. Re1 Kd7 37. Rh1 d5 38. Rhg1 f4 39. Rg4 Bc5+ 40. Kf1 Bxg1
41. Rxg1 Rh5 42. Kf2 Ke6 0-1

[Event "España ch Sub-16 2008"]
[Site "Padron ESP"]
[Date "2008.07.22"]
[Round "4.14"]
[White "Rivas Crespo, Alexander"]
[Black "Senlle Caride, Miguel"]
[Result "1/2-1/2"]
[PlyCount "57"]
[EventDate "2008.07.20"]
[EventType "swiss"]
[EventRounds "9"]
[EventCountry "ESP"]
[Source "lmi"]
[SourceDate "2008.07.20"]
[WhiteElo "1961"]
[BlackElo "2289"]

1. e4 c5 2. Nf3 d6 3. d4 cxd4 4. Nxd4 Nf6 5. Nc3 Nc6 6. Be2 e5 7. Nb3 Be6 8. f4
exf4 9. Bxf4 Be7 10. O-O O-O 11. Kh1 Ne5 12. Nd4 Rc8 13. Nxe6 fxe6 14. Bxe5
dxe5 15. Qxd8 Rfxd8 16. Bd3 Bc5 17. Rf3 Bd4 18. Ne2 Bxb2 19. Rb1 Ba3 20. Rxb7
Nxe4 21. Rff7 Nd6 22. Rxg7+ Kf8 23. Rxa7 Bc5 24. Rac7 Rb8 25. h3 e4 26. Rxh7
Kg8 27. Rcg7+ Kf8 28. Rc7 Kg8 29. Rcg7+ 1/2-1/2

[Event "España ch Sub-16 2008"]
[Site "Padron ESP"]
[Date "2008.07.22"]
[Round "4.15"]
[White "Jimenez Fernandez, Alejandro"]
[Black "Herrera Delgado, Alejandro"]
[Result "0-1"]
[PlyCount "64"]
[EventDate "2008.07.20"]
[EventType "swiss"]
[EventRounds "9"]
[EventCountry "ESP"]
[Source "lmi"]
[SourceDate "2008.07.20"]
[WhiteElo "1971"]
[BlackElo "2204"]

1. d4 d5 2. c4 Nc6 3. Nc3 dxc4 4. Nf3 Nf6 5. Bg5 Bg4 6. e3 e6 7. Bxc4 Be7 8.
O-O h6 9. Bf4 g5 10. Bg3 h5 11. h3 Bxf3 12. Qxf3 g4 13. hxg4 hxg4 14. Qe2 Bd6
15. Rad1 Qe7 16. e4 e5 17. Bb5 Nd7 18. Bxc6 bxc6 19. Qxg4 O-O-O 20. d5 f5 21.
Qxf5 Rdf8 22. Qe6 Qh7 23. Qh3 Qg7 24. Bh4 Rf4 25. dxc6 Rfxh4 26. Qxd7+ Kb8 27.
g3 Rh1+ 28. Kg2 R1h2+ 29. Kf3 Rf8+ 30. Ke2 Qxg3 31. Rxd6 Rfxf2+ 32. Rxf2 Rxf2+
0-1

[Event "España ch Sub-16 2008"]
[Site "Padron ESP"]
[Date "2008.07.22"]
[Round "4.16"]
[White "Forcen Esteban, Daniel"]
[Black "Alshameary Puente, Ismael"]
[Result "1-0"]
[PlyCount "49"]
[EventDate "2008.07.20"]
[EventType "swiss"]
[EventRounds "9"]
[EventCountry "ESP"]
[Source "lmi"]
[SourceDate "2008.07.20"]
[WhiteElo "2200"]
[BlackElo "1951"]

1. e4 d6 2. d4 Nf6 3. Nc3 c6 4. f4 Qa5 5. Bd3 e5 6. Nf3 Bg4 7. Be3 Nbd7 8. h3
Bxf3 9. Qxf3 O-O-O 10. O-O exd4 11. Bxd4 Nc5 12. a3 Ne6 13. Bf2 d5 14. e5 Ne8
15. b4 Qc7 16. f5 Qxe5 17. fxe6 Bd6 18. g3 fxe6 19. Ne2 Nf6 20. Nf4 Ne4 21.
Bxe4 dxe4 22. Qb3 Rde8 23. Rad1 Rhf8 24. Rxd6 g5 25. Rxe6 1-0

[Event "España ch Sub-16 2008"]
[Site "Padron ESP"]
[Date "2008.07.22"]
[Round "4.17"]
[White "Marcos Pinto, Luis"]
[Black "Colom Sienes, Eduardo"]
[Result "0-1"]
[PlyCount "46"]
[EventDate "2008.07.20"]
[EventType "swiss"]
[EventRounds "9"]
[EventCountry "ESP"]
[Source "lmi"]
[SourceDate "2008.07.20"]
[WhiteElo "2115"]
[BlackElo "1950"]

1. e4 e6 2. b3 d5 3. Bb2 dxe4 4. Nc3 f5 5. f3 Bd6 6. fxe4 Qh4+ 7. g3 Bxg3+ 8.
hxg3 Qxh1 9. Nb5 Nf6 10. Nxc7+ Kd8 11. Nxa8 Qxg1 12. Qf3 Nxe4 13. O-O-O Qf2 14.
Qh5 Qxg3 15. Qf7 Bd7 16. Bxg7 Re8 17. Bd4 Qd6 18. Be3 Nc6 19. Bb5 Qe5 20. d4
Qxb5 21. d5 Qa5 22. a4 Qc3 23. Kb1 Nb4 0-1

[Event "España ch Sub-16 2008"]
[Site "Padron ESP"]
[Date "2008.07.22"]
[Round "4.18"]
[White "Aranaz Murillo, Amalia"]
[Black "De Nacimiento Montano, Angel"]
[Result "0-1"]
[PlyCount "74"]
[EventDate "2008.07.20"]
[EventType "swiss"]
[EventRounds "9"]
[EventCountry "ESP"]
[Source "lmi"]
[SourceDate "2008.07.20"]
[WhiteElo "1959"]
[BlackElo "2099"]

1. Nf3 g6 2. c4 Bg7 3. e4 e5 4. d4 exd4 5. Nxd4 Nc6 6. Nxc6 bxc6 7. Nc3 Rb8 8.
Bd3 Ne7 9. O-O O-O 10. f4 d5 11. Qc2 dxe4 12. Bxe4 Qd4+ 13. Kh1 Qxc4 14. Bd3
Bf5 15. Bxc4 Bxc2 16. Re1 Nf5 17. g4 Nd4 18. Kg2 Rb4 19. Bf1 Ne6 20. Kf3 Bh6
21. a3 Rbb8 22. Bc4 Nd4+ 23. Kf2 Bb3 24. Bd3 Be6 25. h3 Nb3 26. Be3 Nxa1 27.
Rxa1 Rxb2+ 28. Ne2 Bg7 29. Rc1 Rd8 30. Be4 Bd5 31. Bf3 Rb3 32. Bxd5 cxd5 33.
Rxc7 d4 34. Bd2 Rxh3 35. Ng3 Rh2+ 36. Ke1 Rg2 37. Nf1 Re8+ 0-1

[Event "España ch Sub-16 2008"]
[Site "Padron ESP"]
[Date "2008.07.22"]
[Round "4.19"]
[White "Moral Garcia, Serafin"]
[Black "Castellanos Mendoza, David"]
[Result "1-0"]
[PlyCount "49"]
[EventDate "2008.07.20"]
[EventType "swiss"]
[EventRounds "9"]
[EventCountry "ESP"]
[Source "lmi"]
[SourceDate "2008.07.20"]
[WhiteElo "1948"]
[BlackElo "2073"]

1. e4 c5 2. Nf3 Nc6 3. Bb5 g6 4. O-O Bg7 5. Re1 e5 6. Bxc6 dxc6 7. d3 f6 8. a3
Qe7 9. c3 Bg4 10. b4 cxb4 11. axb4 Nh6 12. h3 Bxf3 13. Qxf3 O-O 14. Be3 b6 15.
Qe2 Rad8 16. Na3 Rd7 17. Nc4 Rfd8 18. Red1 Nf7 19. f3 Nd6 20. d4 Nb5 21. Na3
exd4 22. Nxb5 d3 23. Qa2+ Kh8 24. Nd4 Rc7 25. Ne6 1-0

[Event "España ch Sub-16 2008"]
[Site "Padron ESP"]
[Date "2008.07.22"]
[Round "4.20"]
[White "Navia Martin, Sergio"]
[Black "Anaya Lopez, Victor Jose"]
[Result "0-1"]
[PlyCount "124"]
[EventDate "2008.07.20"]
[EventType "swiss"]
[EventRounds "9"]
[EventCountry "ESP"]
[Source "lmi"]
[SourceDate "2008.07.20"]
[WhiteElo "1919"]
[BlackElo "2046"]

1. d4 Nf6 2. c4 c5 3. d5 e5 4. Nc3 d6 5. e4 Be7 6. g3 O-O 7. Bg2 Nbd7 8. Nge2
Ne8 9. O-O g6 10. Be3 Ng7 11. Qd2 Kh8 12. f3 f5 13. h3 Nf6 14. Kh2 Nfh5 15. g4
f4 16. Bf2 Nf6 17. Rh1 a6 18. a4 b6 19. Qd3 Kg8 20. Kg1 Rb8 21. b3 Bd7 22. Nd1
Rb7 23. Nb2 Qb8 24. Nc1 Qc8 25. Rh2 h6 26. Qe2 Nh7 27. Bf1 Qd8 28. Be1 h5 29.
Qg2 Rf7 30. Ra2 Bh4 31. Bxh4 Qxh4 32. Qf2 Qd8 33. Be2 Ng5 34. Kf1 Nh7 35. Rg2
Kh8 36. Bd1 Rb8 37. Ncd3 Qe7 38. Ra1 Rbf8 39. Ne1 Bc8 40. Rc1 Bd7 41. Ra1 Rc8
42. Ned3 Rcf8 43. Ne1 Ne8 44. Rc1 Nc7 45. Rc3 b5 46. Ned3 Rb8 47. a5 Ne8 48.
Ke1 Qd8 49. cxb5 axb5 50. b4 cxb4 51. Nxb4 Qxa5 52. N2d3 Nef6 53. gxh5 gxh5 54.
h4 Rff8 55. Qb2 Rg8 56. Rxg8+ Rxg8 57. Ra3 Rg1+ 58. Kd2 Qb6 59. Qc1 Rg8 60. Nc6
b4 61. Rb3 Rg2+ 62. Be2 Qe3+ 0-1

[Event "España ch Sub-16 2008"]
[Site "Padron ESP"]
[Date "2008.07.22"]
[Round "4.21"]
[White "Hernandez Munoz, Antonio"]
[Black "Cubillo Munoz, Miguel"]
[Result "1-0"]
[PlyCount "156"]
[EventDate "2008.07.20"]
[EventType "swiss"]
[EventRounds "9"]
[EventCountry "ESP"]
[Source "lmi"]
[SourceDate "2008.07.20"]
[WhiteElo "2044"]
[BlackElo "1923"]

1. e4 c5 2. Nf3 Nc6 3. d4 cxd4 4. Nxd4 g6 5. c4 Bg7 6. Be3 Nf6 7. Nc3 d6 8. Be2
O-O 9. O-O Bd7 10. Rc1 Nxd4 11. Bxd4 Bc6 12. Qd3 a6 13. b4 b6 14. f4 Rc8 15.
Kh1 Bd7 16. h3 Ne8 17. Bxg7 Nxg7 18. Nd5 b5 19. cxb5 Rxc1 20. Rxc1 Bxb5 21. Qe3
Bxe2 22. Qxe2 e6 23. Nc7 Qh4 24. Qd2 Nh5 25. Nxa6 Ng3+ 26. Kh2 Nxe4 27. Qe3 Nf6
28. Qg3 Qh5 29. a4 Qe2 30. b5 Qa2 31. Qc3 Nd5 32. Qd4 Qe2 33. Qc4 Qd2 34. Rc2
Qa5 35. Ra2 Qe1 36. Re2 Qa5 37. h4 Nb6 38. Qc7 d5 39. h5 Rc8 40. Qe5 Nd7 41.
Qd6 Nf6 42. hxg6 hxg6 43. Qb4 Qd8 44. b6 Ne4 45. g3 Nd6 46. b7 Nxb7 47. Qxb7
Rc4 48. Qb5 g5 49. f5 Qc8 50. Nb4 Qf8 51. fxe6 fxe6 52. Nxd5 Rc1 53. Nf6+ Qxf6
54. Qe8+ Kg7 55. Qxe6 Qxe6 56. Rxe6 Ra1 57. Re4 Kf6 58. g4 Ra3 59. Kg2 Ra2+ 60.
Kf3 Ra3+ 61. Ke2 Ra2+ 62. Kd3 Rf2 63. Kc4 Rb2 64. a5 Rb1 65. a6 Rb2 66. Re8 Ra2
67. Kb5 Rb2+ 68. Kc6 Rc2+ 69. Kb7 Rb2+ 70. Ka7 Rd2 71. Re3 Ra2 72. Rf3+ Kg6 73.
Rb3 Ra4 74. Kb7 Rxg4 75. a7 Ra4 76. Rb6+ Kf5 77. Ra6 Rb4+ 78. Kc6 Rc4+ 1-0

[Event "España ch Sub-16 2008"]
[Site "Padron ESP"]
[Date "2008.07.22"]
[Round "4.22"]
[White "Castillo Sanjuan, Daniel"]
[Black "Marrero Falcon, Hector"]
[Result "1-0"]
[PlyCount "81"]
[EventDate "2008.07.20"]
[EventType "swiss"]
[EventRounds "9"]
[EventCountry "ESP"]
[Source "lmi"]
[SourceDate "2008.07.20"]
[WhiteElo "1911"]
[BlackElo "2044"]

1. e4 c5 2. Nf3 e6 3. d4 cxd4 4. Nxd4 Nc6 5. Nc3 Qc7 6. Be3 a6 7. Be2 Nf6 8.
O-O Bb4 9. Nxc6 bxc6 10. Qd4 Be7 11. f4 d5 12. e5 Nd7 13. b4 c5 14. bxc5 Bxc5
15. Qd2 Bb7 16. Rab1 Rc8 17. Na4 Bxe3+ 18. Qxe3 O-O 19. Bd3 Qc6 20. Qh3 f5 21.
exf6 Nxf6 22. Rb6 Qxa4 23. Qxe6+ Kh8 24. Rxb7 Rce8 25. Qb6 Ng4 26. h3 Ne3 27.
Rf3 Nxc2 28. Qh6 Qd4+ 29. Kh2 Re4 30. Qd6 Rg8 31. Bxe4 dxe4 32. Qxd4 Nxd4 33.
Re3 Nf5 34. Re1 Re8 35. Rxe4 Rf8 36. Rb6 h6 37. g4 Nh4 38. Kg3 g5 39. Rxh6+ Kg7
40. Rxa6 Ng6 41. fxg5 1-0

[Event "España ch Sub-16 2008"]
[Site "Padron ESP"]
[Date "2008.07.22"]
[Round "4.23"]
[White "Porras Mateo, Alejandra"]
[Black "Vila Gonzalez, Daniel"]
[Result "1/2-1/2"]
[PlyCount "78"]
[EventDate "2008.07.20"]
[EventType "swiss"]
[EventRounds "9"]
[EventCountry "ESP"]
[Source "lmi"]
[SourceDate "2008.07.20"]
[WhiteElo "1905"]
[BlackElo "2039"]

1. e4 c5 2. Nc3 Nc6 3. g3 g6 4. Bg2 Bg7 5. d3 d6 6. f4 e6 7. Nf3 Nge7 8. Be3
Nd4 9. e5 dxe5 10. fxe5 Nef5 11. Bf2 Qc7 12. Ne4 Nxf3+ 13. Qxf3 Qxe5 14. c3 Nd6
15. O-O Nxe4 16. Qxe4 Qxe4 17. Bxe4 Rb8 18. Bxc5 a5 19. a4 f5 20. Bg2 Kd7 21.
Bb6 Ra8 22. d4 Ra6 23. Bc5 b6 24. Ba3 Ra7 25. Rf2 Rc7 26. Bf1 Bb7 27. Re1 Re8
28. Bb5+ Bc6 29. Rfe2 Bxb5 30. axb5 Rcc8 31. Kg2 g5 32. h3 Bf6 33. Kf3 h5 34.
h4 g4+ 35. Kg2 Rc4 36. Re3 Rcc8 37. R3e2 Rc4 38. Re3 Rcc8 39. R3e2 Rc4 1/2-1/2

[Event "España ch Sub-16 2008"]
[Site "Padron ESP"]
[Date "2008.07.22"]
[Round "4.24"]
[White "Benarque Lopez, Francisco Jose"]
[Black "Suarez Calvo, Alexandra"]
[Result "1-0"]
[PlyCount "75"]
[EventDate "2008.07.20"]
[EventType "swiss"]
[EventRounds "9"]
[EventCountry "ESP"]
[Source "lmi"]
[SourceDate "2008.07.20"]
[WhiteElo "1889"]
[BlackElo "2037"]

1. d4 Nf6 2. c4 c5 3. d5 e6 4. Nc3 exd5 5. cxd5 d6 6. e4 g6 7. f4 Bg7 8. Nf3
O-O 9. Be2 Re8 10. e5 dxe5 11. fxe5 Ng4 12. Bg5 Qb6 13. O-O Nxe5 14. d6 Be6 15.
Nd5 Bxd5 16. Qxd5 Qc6 17. Rad1 Qxd5 18. Rxd5 Nbd7 19. Bb5 a6 20. Nxe5 Rxe5 21.
Rxe5 Nxe5 22. Be2 Re8 23. Rd1 f6 24. Bd2 b6 25. Bxa6 Rd8 26. Bc3 Bh6 27. Kf2
Kg7 28. a4 Ng4+ 29. Kf3 Ne5+ 30. Bxe5 fxe5 31. Ke4 Kf6 32. d7 Bg7 33. Bc8 Ke6
34. Rd5 Bf8 35. Rxe5+ Kf7 36. Kd5 Bg7 37. Re6 Bxb2 38. Rxb6 1-0

[Event "España ch Sub-16 2008"]
[Site "Padron ESP"]
[Date "2008.07.22"]
[Round "4.25"]
[White "De La Cruz Revilla, Miguel"]
[Black "Montañes Arribas, Adrian"]
[Result "1/2-1/2"]
[PlyCount "72"]
[EventDate "2008.07.20"]
[EventType "swiss"]
[EventRounds "9"]
[EventCountry "ESP"]
[Source "lmi"]
[SourceDate "2008.07.20"]
[WhiteElo "1855"]
[BlackElo "2034"]

1. d4 d5 2. c4 e6 3. Nc3 c5 4. cxd5 exd5 5. Nf3 Nc6 6. g3 Nf6 7. Bg2 Be7 8. O-O
O-O 9. Bg5 cxd4 10. Nxd4 h6 11. Bf4 Bg4 12. h3 Bh5 13. Rc1 Re8 14. Ndb5 g5 15.
Bc7 Qd7 16. g4 a6 17. Nxd5 Nxd5 18. Qxd5 Qxd5 19. Bxd5 axb5 20. gxh5 Nb4 21.
Bxb7 Ra7 22. Bf3 Nxa2 23. Rc6 Rc8 24. Be5 Rxc6 25. Bxc6 Ra5 26. Ra1 Bd8 27. Rd1
Bb6 28. Rd6 Bc7 29. Rd5 Bxe5 30. Rxe5 Nc1 31. Bxb5 Nxe2+ 32. Rxe2 Rxb5 33. Kg2
Rb3 34. f3 Kg7 35. Kg3 Rb4 36. Rc2 Rb5 1/2-1/2